| 000 | 00500nam a2200205Ia 4500 | ||
|---|---|---|---|
| 008 | 210210b2010 xxu||||| |||| 00| 0 eng d | ||
| 020 | _a9789380108049 | ||
| 041 | _aeng | ||
| 082 | _a576 WHEP | ||
| 100 | _aWHEELIS (Mark) | ||
| 245 | _aPrinciples of modern microbiology | ||
| 260 |
_aBoston _bJones & Bartlett Publishers _c2010 |
||
| 300 | _axxviii,496 | ||
| 650 | _aPrinciples | ||
| 650 | _aof | ||
| 650 | _amodern | ||
| 650 | _amicrobiology | ||
| 690 | _aMicrobiology | ||
| 906 | _a064714 | ||
| 999 |
_c141610 _d141610 |
||